书目信息 |
| 题名: |
网上拍卖秘笈
|
|
| 作者: | 赵国君 编著 | |
| 分册: | ||
| 出版信息: | 北京 人民邮电出版社 2005 |
|
| 页数: | 174页 | |
| 开本: | 19cm | |
| 丛书名: | ||
| 单 册: | ||
| 中图分类: | F713.359-39 , F713.359 | |
| 科图分类: | ||
| 主题词: | 互联网络--应用--拍卖--研究 | |
| 电子资源: | ||
| ISBN: | 7-115-13110-4 | |
| 000 | 00753nam0 2200229 450 | |
| 001 | 1553221820 | |
| 005 | 20150119163159.85 | |
| 010 | @a7-115-13110-4@dCNY25.00 | |
| 100 | @a20050104d2005 em y0chiy50 ea | |
| 101 | 0 | @achi |
| 102 | @aCN@b110000 | |
| 105 | @aa z 000yy | |
| 200 | 1 | @a网上拍卖秘笈@9wang shang pai mai mi ji@f赵国君等编著 |
| 210 | @a北京@c人民邮电出版社@d2005 | |
| 215 | @a174页@c图@d19cm | |
| 330 | @a本书详细介绍了如何在互联网上通过拍卖的方式买卖商品的具体操作、方法和技巧,使更多的网民成为网络买家和卖家,享受网络拍卖的乐趣。 | |
| 606 | 0 | @a互联网络@x应用@x拍卖@x研究 |
| 690 | @aF713.359-39@v5 | |
| 690 | @aF713.359@v4 | |
| 701 | 0 | @a赵国君@9zhao guo jun@4编著 |
| 801 | 0 | @aCN@bTSSF@c20150119 |
| 905 | @aZUCC@dF713.359@eJY54 | |
| 网上拍卖秘笈/赵国君等编著.-北京:人民邮电出版社,2005 |
| 174页:图;19cm |
| ISBN 7-115-13110-4:CNY25.00 |
| 本书详细介绍了如何在互联网上通过拍卖的方式买卖商品的具体操作、方法和技巧,使更多的网民成为网络买家和卖家,享受网络拍卖的乐趣。 |
| ● |
| 相关链接 |
|
|
|
|
正题名:网上拍卖秘笈
索取号:F713.359/JY54
 
预约/预借
| 序号 | 登录号 | 条形码 | 馆藏地/架位号 | 状态 | 备注 |
| 1 | 7841738 | 278417385 | 学院路分馆/ [索取号:F713.359/JY54] | 在馆 | |
| 2 | 7849319 | 278493195 | 学院路分馆/ [索取号:F713.359/JY54] | 在馆 |